000 00703nam a2200193 i 4500
001 20538
003 ES-MaACL
005 20250730153638.0
007 t|
008 021114s1969 ve ||||1| spa d
100 1 _aAcereda la Linde, Manuel,
_918221
245 1 4 _aLos indios y Bartolomé de las Casas ante la historia y la crítica /
_cManuel Acereda la Linde.
260 _aCaracas :
_b[s.n.,
_c1969] (
_fImp. Nacional)
300 _a440 p. ;
_c23 cm.
600 1 7 _aCasas, Bartolomé de las,
_d1474-1566
_2embne
_9140251
651 4 _aAmérica española-
_xHistoria-
_y1492-1600 (Descubrimiento y conquista)-
_vFuentes
_97725
852 _aES-MaACL
_jC-38092
_bR.71013
999 _c20538
_d20538